Proposed policy statement for Part 2 of the Localism Act 2011 (Record no. 113228)

MARC details
000 -LEADER
fixed length control field 01147cad a22001935a 4500
001 - CONTROL NUMBER
control field L154908
008 - FIXED-LENGTH DATA ELEMENTS--GENERAL INFORMATION
fixed length control field 120131s2012 xxk f 000 0 eng d
035 ## - SYSTEM CONTROL NUMBER
System control number (Sirsi) u154908
041 0# - LANGUAGE CODE
Language code of text/sound track or separate title eng
110 2# - MAIN ENTRY--CORPORATE NAME
Corporate name or jurisdiction name as entry element United Kingdom
Subordinate unit Department for Communities and Local Government
9 (RLIN) 4939
245 00 - TITLE STATEMENT
Title Proposed policy statement for Part 2 of the Localism Act 2011
Remainder of title consultation
Medium [electronic resource]
260 ## - PUBLICATION, DISTRIBUTION, ETC.
Place of publication, distribution, etc. London
Name of publisher, distributor, etc. DCLG
Date of publication, distribution, etc. 2012
520 ## - SUMMARY, ETC.
Summary, etc. Consultation is on a proposed policy statement for Part 2 of the Localism Act 2011. This is about incentivising public authorities to comply with European law, in order to avoid any financial sanctions. The proposed policy statement sets out a fair approach for the use of Part 2 and has been developed with the Local Government Association and the Greater London Authority. The closing date of the consultation is 22 April 2012.
590 ## - LOCAL NOTE (RLIN)
Local note KA NTK
651 #4 - SUBJECT ADDED ENTRY--GEOGRAPHIC NAME
Geographic name England and Wales
Chronological subdivision 1543-
690 ## - LOCAL SUBJECT ADDED ENTRY--TOPICAL TERM (OCLC, RLIN)
Topical term or geographic name as entry element Planning and development
9 (RLIN) 6259
856 40 - ELECTRONIC LOCATION AND ACCESS
Uniform Resource Identifier <a href="https://www.communities.gov.uk/documents/localgovernment/pdf/20750331.pdf">https://www.communities.gov.uk/documents/localgovernment/pdf/20750331.pdf</a>
Public note View the consultation free of charge at www.communities.gov.uk
942 ## - ADDED ENTRY ELEMENTS (KOHA)
Suppress in OPAC 0
Holdings
Withdrawn status Lost status Source of classification or shelving scheme Damaged status Not for loan Home library Current library Shelving location Date acquired Total Checkouts Full call number Barcode Date last seen Copy number Price effective from Koha item type
    Dewey Decimal Classification     Virtual Virtual Online 31/01/2012   ONLINE PUBLICATION 154908-2001 06/08/2019 1 06/08/2019 Book